NI MOM POJĘCIA CO ROBIĘ - 1 - Statystyki

Ogólne statystyki
  • Ten quiz został rozwiązany 19 razy
  • Średni wynik to 6 z 10
Statystyki odpowiedzi
Hint Odpowiedź % Poprawnych
Ile powstało PEŁNYCH sezonów programu, w którym należy przygotować obiad za konkretną kwotę? (Program ten liczy pięć odcinków na sezon) 2
100%
W którym roku mietczyński, w końcu, wykonał swój plan na przygotowanie odcinka o rogalach świętomarcińskich? 2023
100%
Ile powstało odcinków "Deserowego czerwca" 2024? 7
100%
Jaki pasztecik, w jednym z odcinków, konkurował ze szczecińskim? Australijski
100%
Do jakiego programu kulinarnego zobowiązał zgłosić się mietczyński? (Po kilku latach zostało to odwołane) Do Masterchefa
100%
Jak nazywa się ciasto, do którego przygotowania mietczyński zdecydował się nauczyć przygotowywania ciepłych lodów? Dupa pawiana
100%
Jak nazywa się seria/podprogram, podczas której/którego mietczyński przygotowuje dania oglądając wideo z jego przygotowaniem w języku obcym, a później je odtwarza? Gastronomiczna Wieża Babel
100%
Jak nazywała się seria, stanowiąca przerywniki w odcinkach "Ni mom pojęcia co robię", podczas której mietczyński podawał swojemu psu warzywa do testowania? Gaugan recenzuje warzywa
100%
Kto wygrał bitwę przepisów na pierogi ruskie? Gracjan
100%
Według piosenki z odcinka z przygotowaniem "Medimurskiej gibanicy", jaki produkt "wygląda jak niewinna ciecz, lecz lubi sobie z garnka naszego pójść precz"? Mleko
100%
Od kogo mietczyński nauczył się stwierdzenia "smok" stosowanego jako nazwa wyciskarki do czosnku? Od Artura Barcisia
100%
Jakie warzywo, w jednym z odcinków, było składnikiem wegetariańskiego dania, mającego udawać/przypominać rybę? Seler
100%
Co, o smaku cytrynowym, miało być jednym ze składników deserowej rolady śląskiej? Szpajza
100%
Tak nazywa się deser, do którego mietczyński miał trzy podejścia. Za trzecim razem, przygotował go na odcinku wraz z inną osobą. Tort świętego Honoriusza
100%
Na które urodziny mietczyński zdecydował się przygotować sobie mięsny tort? Trzydzieste
100%
Jaki sos przygotowywany był do steków z arbuza? Tuńczykowy
100%
Tak nazywa się seria/podprogram, w którym zadaniem jest wykonanie trzydaniowego obiadu dla czterech osób za MAKSYMALNIE (zależnie od odcinka) 50, 40, 30, 20 oraz 10zł. Wyzwanie inflacyjne
100%
Jakie mięso (z jakiego ptaka) było użyte w polskiej wersji turduckena? Perliczka, kaczka, gęś
67%
Z przygotowaniem jakiego produktu często problem miał mietczyński? (Produkt ten, do tej konkretnej firmy przygotowania, MUSI być schłodzony) Śmietana
67%
Jaki język był wybrany na pierwszy odcinek serii, w której mietczyński odtwarza przepis bazując na materiale wideo, w języku obcym (którego nie zna)? Węgierski
67%
Kto jest autorem książki kucharskiej "Spaghetti dla samotnego mężczyzny"? Bogusław Linda
50%
Do jakiego dania Roberta Sowy należy użyć sękacza? Do wątróbki
50%
Jaki program został nazwany "najbardziej niezręcznym programem kulinarnym w historii polskiej telewizji"? Smakosze i rozkosze
50%
Nietypowy deser, przygotowany na podstawie przepisu jednej z uczestniczek "Masterchefa", to "tiramisu ...". Z pomidorami
50%
Jak nazywał się kulinarny program telewizyjny, w którym wystąpił Olek Klepacz? Polscy od kuchni
40%
Ile zostało opublikowanych odcinków "wyzwania burżuazyjnego"? 0
0%
Ile, według początkowych założeń, miało powstać odcinków "Deserowego czerwca" 2024? 10
0%
Czyją książką kucharską są "Smaki na 52 tygodnie"? Adama Gesslera
0%
Jak nazywa się wykreowana postać, pojawiająca się głównie w odcinkach z deserami? (Ma on problemy z agresją; stara używać się łagodnego tonu podczas mówienia; najprawdopodobniej uczestnik programu resocjalizacji) Cukiernik Bartek
0%
Do jakiego aktora, według mietczyńskiego, podobny był Węgier, którego przepis odtwarzał? Do Antonio Banderasa
0%
"Mikrofale. Gotowanie łatwe i szybkie" to książka kucharska powiązana z przedsiębiorstwem, zajmującym się m.in. dodatkami do pieczenia ciast czy pizzami mrożonymi. Nazywa się ono... Dr. Oetker
0%
Tej firmy jest słynny mikser, który chce, aby urządzenia pokonały ludzkość. Esperanza
0%
Jak nazywał się pies mietczyńskiego, towarzyszący mu w wielu odcinkach, głównie w początkowych odcinkach programu? Gaugan
0%
Kto wygrał bitwę przepisów na brownie? Jamie Oliver
0%
Jakie danie było przygotowywane/odtwarzane w najstarszym odcinku programu aktualnie dostępnym na kanale "mietczyński"? (Chodzi o datę wrzucenia na ten kanał; Nie o datę powstania samego odcinka) Kanapka Drwala
0%
Jak nazywała się ponad stuletnia książka kucharska, z której przepisy testowano? Kucharka polska
0%
Na jaki kanał został zaproszony mietczyński w celu rozwiązania dramy z pewnym... przepisem na deser? KuchniaLidla.pl
0%
Jakie ciasto, ze względu na niepowodzenie, było przygotowywane aż w dwóch różnych odcinkach "Deserowego czerwca" 2023? Marcinek
0%
Jak nazywa się kanał osoby, u której mietczyński przygotował wątróbkę według własnego przepisu? Menu Dorotki
0%
Przepisu na jaki deser dotyczyła drama, kojarzona ze stwierdzeniem "leje się jak sraka"? Na ptysie
0%
Kto, według znanego cytatu, używa koncentratu pomidorowego trzydziestoprocentowego "żeby nie zapeszyć"? Olek Klepacz
0%
Z czyjego przepisu, w programie, przygotowywano suflet? Pascala Brodnickiego
0%
Jak nazywała się książka kucharska z przepisami na dania kuchni koreańskiej, z której przepisy testowano w programie? Pierogi z Kimchi
0%
Jak nazwany został deser z przepisu widza, który, według deklaracji, gdyby nie wyszedł, spowodowałby zakończenie "Deserowego czerwca" na zawsze? Poznańska kwaśnica
0%
Jakiego składnika użyto zbyt dużo do przygotowania ciasteczek owsianych? ("Obiad za 10 zł") Proszku do pieczenia
0%
Czyj przepis na ritterzipfel był testowany w programie? Roberta Makłowicza
0%
Jaki jest, przynajmniej jeden, ze składników "kryzysowej zapiekanki" wymienionych w tytule odcinka o niej? Ryż, kasza, makaron, ziemniaki
0%
Jaki rodzaj sernika odtwarzał mietczyński z przepisu Ani Starmach? (Nazwa kojarzy się z pewną europejską stolicą) Sernik wiedeński
0%
Jakiego produktu, według mietczyńskiego, było ZDECYDOWANIE zbyt dużo w przepisie na chłodnik z melona? Wina
0%
Jaki produkt od zawsze był uznany za taki, którego koszty w "wyzwaniu inflacyjnym" nie będą liczone? Woda z kranu
0%
Nie znaleziono quizów pasujących do podanych kryteriów
Rozkład punktacji
Procent ludzi z każdym wynikiem
Percentyl według liczby udzielonych odpowiedzi
Twoja historia wyników
Nie rozwiązałeś tego quizu